00438nam a22001457a 4500003000500000005001700005008004100022020001800063040000900081082001700090100004900107245009200156260002900248300001500277CEME20210628204130.0210106b xxu||||| |||| 00| 0 eng d a9781447122333 cceme a621.3822 SHE aSheng, Hu, Chen, Yan Gquan, Qiu, Tian Shuang aFractional proceses and fractional-order signal processing, techniques and applications aNEW YORKbSPRINGERc2012 aXXVI, 295P